Energy and world politics

Bibliographic Details
Main Author: Willrich, Mason
Corporate Author: American Society of International Law
Other Authors: Darmstadter, Joel
Format: Book
Published: New York : The Free Press , 1975
Subjects:

MARC

LEADER 00000cam a2200000 7i4500
001 0000001697
005 20050415.0
020 |a 002680009(pbk) 
040 |a INS 
090 0 0 |a HD9502.A2   |b W54 1975 
100 1 |a Willrich, Mason 
245 1 0 |a Energy and world politics   |c Mason Willrich, Joel Darms Tadter, et.all. 
260 |a New York :   |b The Free Press ,   |c 1975 
300 |a xiv, 234p. ;   |c 21 cm. 
500 |a Published under the ausprices of the American Society of International Law 
650 0 0 |a Energy policy 
650 0 0 |a Petroleum industry and trade 
650 0 0 |a Power resources 
700 1 |a Darmstadter, Joel 
710 2 |a American Society of International Law 
999 |a 0000000904   |b BOOK   |c Open Shelf   |e Default branch